Welcome to CU Library Online Public Access Catalogue (OPAC)

A love worth giving : (Record no. 1220)

MARC details
000 -LEADER
fixed length control field 00822cam a22002294a 4500
001 - CONTROL NUMBER
control field 12794611
005 - DATE AND TIME OF LATEST TRANSACTION
control field 20241114202544.0
008 - FIXED-LENGTH DATA ELEMENTS--GENERAL INFORMATION
fixed length control field 020530s2002 tnu b 000 0 eng
020 ## - INTERNATIONAL STANDARD BOOK NUMBER
International Standard Book Number 084991759X (hardcover)
050 00 - LIBRARY OF CONGRESS CALL NUMBER
Classification number BT140
Item number .L83 2002
082 00 - DEWEY DECIMAL CLASSIFICATION NUMBER
Classification number 231/.6
Edition information 21
100 1# - MAIN ENTRY--PERSONAL NAME
Personal name Lucado, Max.
245 12 - TITLE STATEMENT
Title A love worth giving :
Remainder of title living in the overflow of God's love /
Statement of responsibility, etc. Max Lucado.
260 ## - PUBLICATION, DISTRIBUTION, ETC.
Place of publication, distribution, etc. Nashville, Tenn. :
Name of publisher, distributor, etc. W Pub. Group,
Date of publication, distribution, etc. c2002.
300 ## - PHYSICAL DESCRIPTION
Extent xi, 214 p. ;
Dimensions 25 cm.
650 #0 - SUBJECT ADDED ENTRY--TOPICAL TERM
Topical term or geographic name entry element God (Christianity)
General subdivision Love.
650 #0 - SUBJECT ADDED ENTRY--TOPICAL TERM
Topical term or geographic name entry element Love
General subdivision Religious aspects
-- Christianity.
650 #0 - SUBJECT ADDED ENTRY--TOPICAL TERM
Topical term or geographic name entry element Christian life.
856 42 - ELECTRONIC LOCATION AND ACCESS
Materials specified Publisher description
Uniform Resource Identifier <a href="http://www.loc.gov/catdir/enhancements/fy0612/2002008238-d.html">http://www.loc.gov/catdir/enhancements/fy0612/2002008238-d.html</a>
856 41 - ELECTRONIC LOCATION AND ACCESS
Materials specified Sample text
Uniform Resource Identifier <a href="http://www.loc.gov/catdir/enhancements/fy0612/2002008238-s.html">http://www.loc.gov/catdir/enhancements/fy0612/2002008238-s.html</a>
942 ## - ADDED ENTRY ELEMENTS (KOHA)
Source of classification or shelving scheme Library of Congress Classification
Koha item type Books
Suppress in OPAC No
999 ## -
-- 1220
-- 1220
Holdings
Withdrawn status Lost status Source of classification or shelving scheme Damaged status Not for loan Collection Home library Current library Shelving location Date acquired Total checkouts Full call number Barcode Date last seen Copy number Price effective from Koha item type
    Library of Congress Classification     Non-fiction Law Library (Miotso) Law Library (Miotso) General stacks 11/14/2024   BT140.L83 LUC LLM00000938 11/14/2024 1 11/14/2024 Books
© 2023-2024 Copyright: Central University Libraries. All Rights Reserved | Created by: Mahone Tech Office